Glosa refraneada de la vida y la obra de Marañón : (Record no. 42344)
[ view plain ]
| 000 -LEADER | |
|---|---|
| campo de control de longitud fija | 01117nam a2200253 i 4500 |
| 001 - NÚMERO DE CONTROL | |
| campo de control | 42344 |
| 003 - IDENTIFICADOR DE NÚMERO DE CONTROL | |
| campo de control | ES-MaACL |
| 005 - FECHA Y HORA DE LA ÚLTIMA TRANSACCIÓN | |
| campo de control | 20230906160608.0 |
| 007 - CAMPO FIJO DE DESCRIPCIÓN FÍSICA--INFORMACIÓN GENERAL | |
| campo de control de longitud fija | t| |
| 008 - DATOS DE LONGITUD FIJA--INFORMACIÓN GENERAL | |
| campo de control de longitud fija | 030313s1962 sp f |||| |dspa d |
| 080 ## - NÚMERO DE LA CLASIFICACIÓN DECIMAL UNIVERSAL | |
| Número de la Clasificación Decimal Universal | 929:61 Marañón, Gregorio |
| 100 1# - ENTRADA PRINCIPAL--NOMBRE DE PERSONA | |
| Nombre de persona | Castillo de Lucas, Antonio. |
| 9 (RLIN) | 36735 |
| 245 10 - MENCIÓN DEL TÍTULO | |
| Título | Glosa refraneada de la vida y la obra de Marañón : |
| Resto del título | publicación-homenaje / |
| Mención de responsabilidad, etc. | Antonio Castillo de Lucas ; prólogo de Tomás Cerviá. |
| 260 ## - PUBLICACIÓN, DISTRIBUCIÓN, ETC. | |
| Lugar de publicación, distribución, etc. | Tenerife : |
| Nombre del editor, distribuidor, etc. | Instituto de Fisiología y Patología Regional, |
| Fecha de publicación, distribución, etc. | 1962. |
| 300 ## - DESCRIPCIÓN FÍSICA | |
| Extensión | 72 p., 6 lám. ; |
| Dimensiones | 21 cm. |
| 490 1# - MENCIÓN DE SERIE | |
| Mención de serie | Publicaciones del Instituto de Fisiología y Patología de Tenerife ; |
| Designación de volumen o secuencia | 36 |
| 600 14 - PUNTO DE ACCESO ADICIONAL DE MATERIA--NOMBRE DE PERSONA | |
| Nombre de persona | Marañón, Gregorio, |
| Fechas asociadas al nombre | 1887-1960- |
| Subdivisión general | Biografías |
| 9 (RLIN) | 76312 |
| 600 14 - PUNTO DE ACCESO ADICIONAL DE MATERIA--NOMBRE DE PERSONA | |
| Nombre de persona | Marañón, Gregorio, |
| Fechas asociadas al nombre | 1887-1960- |
| Subdivisión general | Crítica e interpretación |
| 9 (RLIN) | 174358 |
| 700 1# - ENTRADA AGREGADA--NOMBRE PERSONAL | |
| Nombre de persona | Cerviá, Tomás ( |
| Fechas asociadas al nombre | 1902-1962) |
| 9 (RLIN) | 37660 |
| 710 2# - ENTRADA AGREGADA--NOMBRE DE ENTIDAD CORPORATIVA | |
| Nombre de entidad corporativa o nombre de jurisdicción como elemento de entrada | Instituto de Fisiología y Patología Regionales de Tenerife. |
| 9 (RLIN) | 4737 |
| 830 1# - PUNTO DE ACCESO ADICIONAL DE SERIE-TÍTULO UNIFORME | |
| Título uniforme | Publicaciones del Instituto de Fisiología y Patología de Tenerife ; |
| Designación de volumen o secuencia | 36 |
| 9 (RLIN) | 226724 |
| 852 4# - LOCALIZACIÓN | |
| Ubicación | ES-MaACL |
| Número de control de estantería | C-21560 |
| Estatus retirado | Estado de pérdida | Estado de daño | No para préstamo | Biblioteca de origen | Biblioteca actual | Ubicación en estantería | Fecha de adquisición | Fuente de adquisición | Total de préstamos | Signatura topográfica completa | Código de barras | Visto por última vez | Precio de reemplazo | Tipo de ítem Koha |
|---|---|---|---|---|---|---|---|---|---|---|---|---|---|---|
| Biblioteca del Ateneo de Madrid | Biblioteca del Ateneo de Madrid | Galería | 17/01/2008 | C-21560 | 1044560 | 23/02/2023 | 23/02/2023 | Libro impreso |
